000 00416nam a2200169Ia 4500
008 231217s9999 xx 000 0 und d
020 _a74631691
041 _aEnglish
082 _a001.6424 HOF;2 R1
100 _aHoffman, Ted.
245 0 _aWriting SAP ABAP/4 programs
260 _c1998
_bTMH
_aNew Delhi
300 _axii, 335
500 _aContent page available
650 _aSAP,ABAP/4
942 _cAA
999 _c181816
_d181816